Que font les ministres du gouvernement Lecornu ? - Statistiques

Statistiques générales
  • Ce quiz a été pris 40 fois
  • Le résultat moyen est 11 sur 19
Statistiques - réponses
Hint Réponse % Correct
Gérald Darmanin
EU2024BE_Informal_Meeting_of_Home_Affairs_Ministers_Egmont_Palace_on_25_January_2024_-_24.jpg
Justice
96%
Jean-Noël Barrot
Jean-No%C3%ABl_Barrot_2023_cropped.jpg
Affaires étrangères
92%
Laurent Nuñez
Nunez_Beauvau_%28cropped%29.jpg
Intérieur
88%
Annie Genevard
Annie_Genevard_16665.jpg
Agriculture
69%
Roland Lescure
Visit_of_Roland_Lescure%2C_Minister_attached_to_the_French_Minister_for_Economics%2C_to_the_European_Commission_-_2022_%28cropped%29.jpg
Economie et finances
69%
Edouard Geffrey
Portrait_Geffrey_%28cropped%29.jpg
Education nationale
69%
Catherine Vautrin
Portrait_Catherine_Vautrin_2024_%28cropped%29.jpg
Armées
65%
Catherine Pégard
8791d089d6cc1ff62d1b2da3c814f79c001b589c.jpg
Culture
62%
Naïma Moutchou
Minist%C3%A8re_des_Outre-mer_-_DICOM_%28cropped%29.jpg
Outre-mer
62%
Jean-Pierre Farandou
Farandou_Portrait_officiel_%28cropped%29.jpg
Travail
58%
Marina Ferrari
20240221_Marina_Ferrari_Portrait_PhotoGezelinGree_131_%28cropped%29.jpg
Sports & jeunesse
50%
Philippe Tabarot
Philippe_Tabarot_-_2025_%28cropped%29.jpg
Transport
50%
Vincent Jeanbrun
20241008-P1120704_Jeanbrun_Vincent_Wikipedia.jpg
Ville et Logement
50%
David Amiel
David-amiel.jpg
Action et Comptes Publics
46%
Serge Papin
Visit_of_Serge_Papin%2C_French_Minister_for_Small_and_Medium-sized_Enterprises%2C_to_the_EC_-_2025_%28cropped%29.jpg
PME, Commerce & Artisanat
42%
Stéphanie Rist
Rist_Minist%C3%A8re_Sant%C3%A9_%28cropped%29.jpg
Santé & Famille
38%
Monique Barbut
Monique_Barbut_Portrait_%28cropped%29.jpg
Transition écologique
38%
Françoise Gatel
Fran%C3%A7oise_Gatel_2025_%28cropped%29.jpg
Aménagement du territoire
35%
Philippe Baptiste
Space_Symposium_-_CNES_Bilateral_Meeting_%28NHQ202108250016%29_%28cropped%29.jpg
Enseignement Sup, Recherche, Espace
35%
Aucun quiz correspondant
Distribution des résultats
% des personnes avec chaque résultat
Percentile par nombre de réponses
Votre historique - résultats
Vous n’avez pas pris ce quiz